LIBRARY & INFORMATION CENTRE, KCAET, TAVANUR

ONLINE PUBLIC ACCESS CATALOGUE (OPAC)

Humanazing work and work environment : ergo safety for all (Record no. 15620)

MARC details
000 -LEADER
fixed length control field 00442nam a22001457a 4500
003 - CONTROL NUMBER IDENTIFIER
control field OSt
008 - FIXED-LENGTH DATA ELEMENTS--GENERAL INFORMATION
fixed length control field 190521b ||||| |||| 00| 0 eng d
020 ## - INTERNATIONAL STANDARD BOOK NUMBER
ISBN 9789351302278
082 ## - DEWEY DECIMAL CLASSIFICATION NUMBER
Classification number 620.820954
Item number VIN/HU
245 ## - TITLE STATEMENT
Title Humanazing work and work environment : ergo safety for all
260 ## - PUBLICATION, DISTRIBUTION, ETC. (IMPRINT)
Place of publication New Delhi
Name of publisher Daya publishing House, A Division of Astral International Pvt.Ltd
Year of publication 2014
300 ## - PHYSICAL DESCRIPTION
Number of Pages 629 p.
700 ## - ADDED ENTRY--PERSONAL NAME
Personal name Vinay, Deepa.
942 ## - ADDED ENTRY ELEMENTS (KOHA)
Koha item type Books
Holdings
Withdrawn status Lost status Damaged status Collection code Home library Current library Shelving location Date acquired Cost, normal purchase price Full call number Accession Number Koha item type
      Non-fiction KAUAET KAUAET General Stacks 21/05/2019 3995.00 620.820954 VIN/HU 25829 Books
free website counter